000 00370nam a2200133Ia 4500
008 230917s9999||||xx |||||||||||||| ||und||
040 _e147647
_aMAIN
041 _aEnglish
082 _a301.426 J595F
100 _aJolly, K.G
245 0 _aFamily planning in India 1969-1984 Distric level study
260 _aDelhi
_bhindustan Puboishing Corporation
_c1986
942 _cBK
999 _c64154
_d64154